=LDR 00000nam 2200000 4500 =001 INLIS000000000022588 =005 20130612121330 =008 ***********************************Ind** =035 ##$$0010-061300000022588 =041 ##$$a Ind =082 ##$$a 133.6 =090 ##$$a 133.6, Che m =100 ##$$a Cheung Theresa =245 ##$$a Membaca wajah dan tangan, Theresa Cheung =260 ##$$a 2006 $b Jakarta =300 ##$$a 118 hlm, ilus, 21 cm =650 ##$$a Edisi anak =850 ##$$a NBPNMAT